000 00789nam a22002057a 4500
005 20241010161353.0
010 _aB-748101-106 E.N.A./7.11.22 ENG-142091
020 _a9789355312679
_c895.00
035 _aB-748101-106
035 _aEN-125623
037 _bPragati Prakashan
082 _a530.15
100 _aRajput, B.S.
_972614
245 _aMathematical Physics/
_cBy B.S.RAJPUT
260 _aMeerut
_bPragati Prakashan
_c2022
270 _aPragati Bhawan, 240, W.K.Road,
_bMeerut
_e250001
300 _aXX, 1516p
_a1516 P.
_bIndex XVIp
_c24cm (pbk)
942 _2ddc
_cEN
_mRAJ
_h530.15
999 _c193931
_d193931